El tiempo / (Record no. 150176)
[ view plain ]
| 000 -CABECERA | |
|---|---|
| campo de control de longitud fija | 00778nam a2200217 u 4500 |
| 005 - FECHA Y HORA DE LA ÚLTIMA TRANSACCIÓN | |
| campo de control | 20210223131406.0 |
| 008 - ELEMENTOS DE LONGITUD FIJA--INFORMACIÓN GENERAL | |
| campo de control de longitud fija | 080312s2004 mx r 000 0 spa d |
| 020 ## - NÚMERO INTERNACIONAL NORMALIZADO PARA LIBROS | |
| Número Internacional Estándar del Libro | 9707560452 (El tiempo) |
| 035 ## - NÚMERO DE CONTROL DEL SISTEMA | |
| Número de control de sistema | UPN01000178073 |
| 049 ## - COLECCIÓN | |
| Colección | I |
| 050 #4 - SIGNATURA TOPOGRÁFICA DE LA BIBLIOTECA DEL CONGRESO | |
| Número de clasificación | Q182.3 Q4.3 |
| Número de documento/Ítem | Z4.7 |
| 100 1# - ASIENTO PRINCIPAL--NOMBRE PERSONAL | |
| Nombre de persona | Zeitoun, Charline |
| 9 (RLIN) | 30624 |
| 245 13 - MENCIÓN DE TÍTULO | |
| Título | El tiempo / |
| Mención de responsabilidad, etc. | Charline Zeitoun ; il. Peter Allen ; tr. María Isabel Hernández Guerra. |
| 260 ## - PUBLICACIÓN, DISTRIBUCIÓN, ETC. | |
| Lugar de publicación, distribución, etc. | México : |
| Nombre del editor, distribuidor, etc. | Correo del Maestro : |
| -- | La Vasija, |
| Fecha de publicación, distribución, etc. | c2004. |
| 300 ## - DESCRIPCIÓN FÍSICA | |
| Extensión | 23 p. : |
| Otras características físicas | principalmente il. col. |
| 440 #1 - MENCIÓN DE SERIE/ASIENTO SECUNDARIO--TÍTULO | |
| Título | ¿Qué es eso?. |
| Nombre de parte o sección de la obra | A partir de los 6 años |
| 650 #4 - ASIENTO SECUNDARIO DE MATERIA - TERMINO TEMATICO | |
| Término de materia o nombre geográfico como elemento de entrada | CIENCIA - |
| Subdivisión general | EXPERIMENTOS - |
| Subdivisión de forma | LITERATURA INFANTIL |
| 9 (RLIN) | 13449 |
| 650 #4 - ASIENTO SECUNDARIO DE MATERIA - TERMINO TEMATICO | |
| Término de materia o nombre geográfico como elemento de entrada | ESPACIO Y TIEMPO - |
| Subdivisión de forma | LITERATURA JUVENIL |
| 9 (RLIN) | 12573 |
| 700 1# - ASIENTO SECUNDARIO--NOMBRE DE PERSONAL | |
| Nombre de persona | Allen, Peter, |
| Término indicativo de función/relación | il. |
| 9 (RLIN) | 30625 |
| 905 ## - TIPO DE MATERIAL | |
| Tipo de material | Infantil |
| Estado de retiro | Estado de pérdida | Fuente del sistema de clasificación o colocación | Estado dañado | No para préstamo | Código de colección | Localización permanente | Ubicación/localización actual | Ubicación en estantería | Total de préstamos | Clasificación | Código de barras | Fecha visto por última vez | Número de copia | Tipo de ítem Koha | Fecha de adquisición | Fecha del último préstamo | Precio válido a partir de |
|---|---|---|---|---|---|---|---|---|---|---|---|---|---|---|---|---|---|
| Library of Congress Classification | Infantil | Bib. Gregorio Torres Quintero | Bib. Gregorio Torres Quintero | Sala infantil Planta baja | Q182.3 Q4.3 Z4.7 | 178078-10 | 31/12/2020 | 1 | Libro | ||||||||
| Library of Congress Classification | Infantil | Bib. Gregorio Torres Quintero | Bib. Gregorio Torres Quintero | Sala infantil Planta baja | 1 | Q182.3 Q4.3 Z4.7 | 261367 | 12/05/2025 | Ej.2 | Libro | 12/06/2023 | 08/05/2025 | 12/06/2023 |
